| 000 | 00574nam a22002052 4500 | ||
|---|---|---|---|
| 001 | 0000012813 | ||
| 005 | 20151217152114.0 | ||
| 008 | 090320s xx 000 0 eng d | ||
| 020 | _a0199268673 : | ||
| 040 |
_aKABU _cKABU |
||
| 100 | 1 |
_aScragg, Alan. _@0000169759 |
|
| 245 | 1 | 0 |
_aEnvironmental biotechnology / _cAlan Scragg. |
| 250 | _a1st ed. | ||
| 260 |
_aOxford : _bO. U. P., _c2005. |
||
| 300 | _aviii, 447 p. | ||
| 650 | 0 |
_aBioremediation. _@0000121510 |
|
| 852 | 1 | _9p2362.50 KES | |
| 908 | _a090320 | ||
| 950 | _@1 | ||
| 999 |
_c8331 _d8331 |
||